000 00471nam a2200193Ia 4500
003 OSt
005 20250818092116.0
008 250729s2005 xx 000 0 und d
020 _a978-0071332668
040 _cAL
041 _aeng
082 _a150 SUNP
100 _aSantrock w john
_9221369
245 _aEducational psychology
260 _aNew Delhi
_bTata M C Graw Hill Publish
_c2005
300 _a543p
650 _aPsychology
_9221370
942 _2ddc
_cBED
999 _c234978
_d234978